Fresh Ways will pasta : health easy and delicious

Bibliographic Details
Format: Book
Published: California : Lane Publishing , 1990
Subjects:

MARC

LEADER 00000cam a2200000 7i4500
001 0000005335
002 000005764
005 20000330.0
020 |a 0376025239 
090 0 0 |a 641.822   |b FRE 
245 0 0 |a Fresh Ways will pasta :   |b health easy and delicious   |c the Editors of Sunset Books and Sunset Magazine 
260 |a California :   |b Lane Publishing ,   |c 1990 
300 |a 96p. :   |b ill. ;   |c 27cm. 
650 0 0 |a Cookery (Pasta) 
999 |a 032879   |b BUKU   |c PINJAMAN   |e PERPUSTAKAAN KOMUNITI PETALING JAYA 
999 |a 032880   |b BUKU   |c PINJAMAN   |e PERPUSTAKAAN KOMUNITI PETALING JAYA